000
00471nam a2200133Ia 4500
008
100328s9999 xx 000 0 und d
082
_b
17821
100
_a
गुरुदत्त
245
_a
प्रारब और पुरुषार्थ
260
_b
हिन्दी पॉकेट बुक्स
630
_a
प्रारब और पुरुषार्थ
730
_a
प्रारब और पुरुषार्थ
942
_c
BOOK
999
_c
512312
_d
512309